000 01491nam0a22002651 4500
001 rc\958764
005 20250622055833.0
035 _a(NLR Aleph) 006129251
090 _a5543739
_c5543739
100 _a20041129d1982 |||y0rusy50 ca
101 0 _arus
102 _aRU
105 _aa |||||||||
200 1 _aОценка надежности однотипных изделий, образующих неоднородную смесь
_fГ.С. Садыхов
210 _aМ.
_cЗнание
_d1982
215 _a105 с.
_cил.
_d21
300 _aВ надзаг.: Всесоюз. о-во "Знание", Политехн. музей, Гос. ком. СССР по стандартам, Всесоюз. совет НТО
320 _aБиблиогр.: с. 35-36 (23 назв.), 104 (11 назв.)
423 0 _12001#$aОбеспечение ремонтопригодности машин на стадиях их разработки$e(В помощь слушателям семинара по надежности и прогрессив. методам контроля качества продукции)$fБ.И. Есин
_1700#1$aЕсин$bБ.И.
_tОбеспечение ремонтопригодности машин на стадиях их разработки
_aЕсин, Б.И.
700 1 _aСадыхов
_bГ.С.
_f1940-
_gГулам Садыхович
801 0 _aRU
_bNLR
_gpsbo
801 1 _aRU
_bELAR
_2rusmarc
852 _aNLR
_j82-3/4827
942 _cBOOK
980 _aNB